NBA OLD LOGOS QUIZ - Statistics

General Stats
  • This quiz has been taken 595 times
  • The average score is 9 of 15
Answer Stats
Picture Answer % Correct
Dallas Mavericks
90%
Golden State Warriors
82%
Atlanta Hawks
80%
Minnesota Timberwolves
75%
Sacramento Kings
74%
Brooklyn Nets
72%
Oklahoma City Thunder
72%
Washington Wizards
72%
Boston Celtics
68%
Denver Nuggets
60%
San Antonio Spurs
47%
Philadelphia 76ers
34%
Detroit Pistons
31%
New York Knicks
31%
Los Angeles Clippers
27%
No matching quizzes found
Score Distribution
Percent of People with Each Score
Percentile by Number Answered
Your Score History
You have not taken this quiz